| 000 | 01219nam0a2200337 4500 | ||
|---|---|---|---|
| 001 | RU\NLR\BIBL_A\011665967 | ||
| 005 | 20180416100534.0 | ||
| 010 |
_a978-5-00073-772-9 _9500 |
||
| 021 |
_aRU _bКН-П-18-014388 _9КН-П-18-1037 |
||
| 035 | _a(NLR Aleph) 011665967 | ||
| 035 | _a(RuMoRGB)009535499 | ||
| 090 |
_a11208938 _c11208938 |
||
| 100 | _a20180328d2017 u y0rusy50 ca | ||
| 101 | 0 | _arus | |
| 102 | _aRU | ||
| 105 | _ay|||z|||000ay | ||
| 200 | 1 |
_a#Слова о смысле и свободе _e#романтическая проза _fАлис Арт |
|
| 210 |
_aНовокузнецк _cСоюз писателей _c#Книга _d2017 |
||
| 215 |
_a56 с. _d20 |
||
| 300 | _aВ вып. дан. загл.: Слова о смысле и свободе | ||
| 333 | _a12+ | ||
| 517 | 1 | _aСлова о смысле и свободе | |
| 686 |
_aШ5(2=Р)64-649 _2rubbk |
||
| 686 | 2 | _aШ6(2=Р)8-4 | |
| 700 | 1 |
_7ca _8rus _aАрт _bА. _gАлиса _928957 _3RU\NLR\AUTH\7746022 |
|
| 942 | _cBOOK | ||
| 980 | _aNBR | ||
| 980 | _aNB | ||